000 00366nam a2200145Ia 4500
008 151213s9999 xx 000 0 und d
100 _aMark Schorer
245 _aSinclair Lewis
_cMark Schorer
260 _aU S A
_bPrentic Hall
_c1962
300 _a7291 p.
650 _aEnglish Literature
650 _aEnglish Literature
700 _aMark Schorer
999 _c3862
_d3862